000 00407nam a2200157Ia 4500
008 240729s9999 xx 000 0 und d
022 _a0974-9098
245 0 _aJournal of Indian Orthodontic Society
260 _aIndia
260 _bSAGE Publishing
650 _a Dentistry
650 _aMedicine
856 _uhttps://doaj.org/toc/35cd2742fa704b4ea5fdcbd7cc710d60
942 _2ddc
942 _cDOAJEJ
999 _c70282
_d70282
945 _a1
_bMadushi Gamage
_c1
_dMadushi Gamage